书目信息 |
| 题名: |
三十个关键词的文化史
|
|
| 作者: | 冯天瑜 , 聂长顺 著 | |
| 分册: | ||
| 出版信息: | 北京 中国社会科学出版社 2021.08 |
|
| 页数: | 676页 | |
| 开本: | 24cm | |
| 丛书名: | ||
| 单 册: | ||
| 中图分类: | K203-49 | |
| 科图分类: | ||
| 主题词: | 文化史--wen hua shi--中国--通俗读物 | |
| 电子资源: | ||
| ISBN: | 978-7-5203-7741-6 | |
| 000 | 00941nam0 2200241 450 | |
| 001 | 011025153912 | |
| 005 | 20221025153912.0 | |
| 010 | @a978-7-5203-7741-6@b精装@dCNY198.00 | |
| 100 | @a20201004d2021 em y0chiy0120 ea | |
| 101 | 0 | @achi |
| 102 | @aCN@b110000 | |
| 105 | @aa z 000yy | |
| 106 | @ar | |
| 200 | 1 | @a三十个关键词的文化史@Asan shi ge guan jian ci de wen hua shi@dCultural history of thirty keywords@f冯天瑜, 聂长顺著@zeng |
| 210 | @a北京@c中国社会科学出版社@d2021.08 | |
| 215 | @a676页@c图@d24cm | |
| 330 | @a本书擷取三十个关键词,依生成机制,分为古典引申、语义假借、借形变义、新名创制、侨词来归、名实错位六大类,在古今东西的时空坐标上,追索其概念的生成、演变历程。 | |
| 510 | 1 | @aCultural history of thirty keywords@zeng |
| 606 | 0 | @a文化史@Awen hua shi@y中国@j通俗读物 |
| 690 | @aK203-49@v5 | |
| 701 | 0 | @a冯天瑜@Afeng tian yu@4著 |
| 701 | 0 | @a聂长顺@Anie chang shun@4著 |
| 905 | @a河南城建学院图书馆@dK203-49@eF528 | |
| 三十个关键词的文化史=Cultural history of thirty keywords/冯天瑜, 聂长顺著.-北京:中国社会科学出版社,2021.08 |
| 676页:图;24cm |
| ISBN 978-7-5203-7741-6(精装):CNY198.00 |
| 本书擷取三十个关键词,依生成机制,分为古典引申、语义假借、借形变义、新名创制、侨词来归、名实错位六大类,在古今东西的时空坐标上,追索其概念的生成、演变历程。 |
| ● |
| 相关链接 |
|
|
|
正题名:三十个关键词的文化史
索取号:K203-49/F528
 
预约/预借
| 序号 | 登录号 | 条形码 | 馆藏地/架位号 | 状态 | 备注 |
| 1 | 1590026 | 215900265 | 社科库309/309社科库 106排2列6层/ [索取号:K203-49/F528] | 在馆 |